Представление документа в формате MARC21

Поле Инд. ПП Название Значение
Тип записи a
Библиографический уровень a
001 Контрольный номер 0a56ed0f2e6f4ec7a4ba35ab21d3267f
005 Дата корректировки 20241212095446.5
020 a ISBN 978-5-7995-1373-3
041 0_ a Код языка текста rus
080 a Индекс УДК 691.587
097 b Оператор *Плё*
100 1_ a Автор Иванов М.Д.
245 10 a Заглавие Высокопрочный керамзитобетон с использованием золы-уноса
b Продолж. заглавия статья
p Название части/ раздела - Текст : электронный
260 a Место издания Тверь
b Издательство ТвГТУ
520 0_ a Аннотация В статье проанализировано влияние золы-уноса на физические, механические свойства, теплопроводность керамзитобетона. Рассмотрены методики по подбору состава для высокопрочного керамзитобетона.
653 0_ a Ключевые слова Керамзитобетон
a Ключевые слова Зола-унос
a Ключевые слова Высокопрочный керамзитобетон
a Ключевые слова Состав
a Ключевые слова Прочность
a Ключевые слова Теплопроводность
a Ключевые слова Суперплатификатор
a Ключевые слова Легкий бетон
a Ключевые слова Добавки
700 12 a Другие авторы Смирнов М.А.
700 12 a Другие авторы Трофимов В.И.
700 12 a Другие авторы Белов В.В.
773 18 w Контрольный № источника b5f2281a861a4b79b61d0f71db93efb4
t Название источника Инновации и моделирование в строительном материаловедении и строительстве
d Место и дата издания Тверь : ТвГТУ, 2024
g Прочая информация С. 22-43
900 a Имя макрообъекта 001-000164437-000000000-0000-0000-01
901 t Тип документа a
950 a Редактор записи ст
951 i EL-ТГТУ? да